|
|
|
|
| LEADER |
00000cam a2200000 a 4500 |
| 001 |
vtls010485025 |
| 003 |
SK-MaSNL |
| 005 |
20260302050144.0 |
| 008 |
240314s2012 xr hoabg bn 001 0dcze |
| 020 |
|
|
|a 9788074221798
|q (viaz.)
|
| 040 |
|
|
|a SNK
|b slo
|c SNK
|e AACR2
|
| 041 |
1 |
|
|a cze
|h eng
|
| 043 |
|
|
|a e-ie---
|
| 044 |
|
|
|a xr
|c CZ
|
| 072 |
|
7 |
|a 94(41)
|x Dejiny britských ostrovov
|2 konspekt
|
| 080 |
|
|
|a 94(417)
|2 2011
|
| 080 |
|
|
|a (048.8)
|2 2011
|
| 080 |
|
|
|a (01)-048.58
|2 2011
|
| 100 |
1 |
|
|a Moody, T. W.
|q (Theodore William),
|d 1907-1984
|4 aut
|9 155457
|
| 240 |
1 |
4 |
|a The course of Irish history
|l Česky
|
| 245 |
1 |
0 |
|a Dějiny Irska
|c Theodore W. Moody, Francis X. Martin a kolektiv ; [z anglického originálu přeložili Milena Pellarová a Miroslav Korbelík]
|
| 250 |
|
|
|a 3. vyd.
|
| 260 |
|
|
|a Praha
|b Nakladatelství Lidové noviny
|c 2012
|
| 300 |
|
|
|a 499 s.
|b faks., fotogr., ilustr., mp., portr.
|c 22 cm
|
| 490 |
1 |
|
|a Dějiny států
|
| 500 |
|
|
|a Chronológia dejín s. 339-394
|
| 500 |
|
|
|a Biogr. údaje
|
| 504 |
|
|
|a Bibliografia a poznámky na s. 325-335 ; výber. bibliogr. na s. 401-462 ; register ; skrat.
|
| 651 |
|
7 |
|a Írsko
|x dejiny
|2 SNKPH
|9 162850
|
| 651 |
|
7 |
|a Ireland
|x History
|2 SNKPHeng
|9 601312
|
| 655 |
|
7 |
|a monografie
|2 SNKPH
|9 70139
|
| 655 |
|
7 |
|a Monographs
|2 SNKPHeng
|9 120675
|
| 655 |
|
7 |
|a výberové bibliografie
|2 SNKPH
|9 70561
|
| 655 |
|
7 |
|a Selected bibliographies
|2 SNKPHeng
|9 275217
|
| 700 |
1 |
|
|a Martin, F. X.
|q (Francis X.),
|d 1922-2000
|4 aut
|9 173287
|
| 700 |
1 |
|
|a Pellarová, Milena,
|d 1948-
|4 trl
|9 111683
|
| 700 |
1 |
|
|a Korbelík, Miloslav
|4 trl
|9 69612
|
| 830 |
|
0 |
|a Dějiny států
|9 296925
|
| 919 |
|
|
|a 978-80-7422-179-8
|
| 958 |
|
|
|a NB
|
| 958 |
|
|
|a SF
|
| 958 |
|
|
|a OP
|
| 968 |
|
|
|a Čes
|b ENG
|
| 999 |
|
|
|c 1096045
|d 1097975
|
| 952 |
|
|
|t snkMOO 94(417)
|a SNKUST
|b SNKUST
|y PREZ
|7 0
|p 17A1271189
|o snkIC 143485
|i snk2017/19739
|8 3
|g 15.00
|0 0
|1 0
|4 0
|d 2017-09-08
|l 0
|r 2025-04-30 00:00:00
|w 2026-02-24
|